000
00283nam a22001337a 4500
020
_a
978-8172330934
041
_a
ENG
100
_a
Rhoads I.D
245
_a
The Use of Saline Waters for Crop Production
260
_a
Delhi
_b
FAO
_c
1999
300
_a
133
650
_a
FAO
856
_u
FAO
999
_c
507
_d
507